Arc Hydro: GIS for water resources

Guardat en:
Dades bibliogràfiques
Autor principal: Maidment, David R. (autor)
Format: Llibre
Idioma:anglès
Publicat: Redwood City ESRI Press 2002
Edició:1a. ed
Matèries:
Etiquetes: Afegir etiqueta
Sense etiquetes, Sigues el primer a etiquetar aquest registre!

MARC

LEADER 00000cam a2200000 a 4500
001 UCE4778
003 CL-VaPUC
008 141113e20020000us |||||||||||||||||eng|d
020 |a 9781589480346 
082 0 4 |a 627  |b MAI  |2 21 
100 |a Maidment, David R.  |e autor  |9 577267 
245 1 0 |a Arc Hydro: GIS for water resources 
250 |a 1a. ed 
300 |a 208 p 
942 |c BK 
945 |d 20141113 14:00:00  |a dcastane 
260 |a Redwood City  |b ESRI Press  |c 2002 
600 0 7 |a GIS GEOGRAPHIC INFORMATION SYSTEM  |2 CL-VaPUC  |9 546407 
650 0 |a Ingeniería hidráulica  |9 260281 
650 0 |a Recursos hídricos  |9 346690 
650 0 |a Medio ambiente natural  |9 338575 
583 |a last modification  |c 20141113 14:00:00  |k Rodrigo Vera 
999 |c 357658  |d 357656 
952 |0 0  |1 0  |3 erb  |4 0  |6 627_000000000000000_MAI_2002  |7 0  |8 A  |9 465687  |a BIBING  |b BIBING  |i 5122945  |l 1  |o 627 MAI 2002  |p 5122945  |r 2025-01-20  |s 2024-12-05  |w 2019-11-23  |y BK  |z Catalogado en:20141113  |k CIC